000 02760njm a2200625 i 4500
001 34965
003 KOSZ 005
005 20220822083126.0
007 sd fsngnnmaned
008 061010s2005 pl munn i 000 0 d
020 _a8360004161
020 _a8360004064
040 _cKOSZ 005
_aKOSZ 005
_dKOSZ 005/AR
041 0 _apol
046 _k2005
080 _a785(436)
080 _a(086.7)
100 1 _aStrauss, Johann
_d(1825-1899)
_eKompozytor
245 1 0 _aStrauss /
_cJohann Strauss (syn).
260 _aWarszawa :
_bMediasat Poland,
_c2005.
300 1 _a1 płyta CD (67 min 03 s) :
_bzapis cyfrowy, stereo ;
_c12 cm +
_e1 dodatek : 43 strony : ilustracje ; 13 cm x 14 cm.
336 _2rdacontent
_aNagranie muzyczne
_bprm
336 _2rdacontent
_3Dodatek
_aTekst
_btxt
337 _2rdamedia
_aAudio
_bs
337 _2rdamedia
_aKomputer
_bc
337 _2rdamedia
_3Dodatek
_aBez urządzenia pośredniczącego
_bn
338 _2rdacarrier
_aPłyta audio
_bd
338 _2rdacarrier
_3Dodatek
_aWolumin
_bc
380 _aMuzyka
388 _a1801-1900
490 1 _aBiblioteka Gazety Wyborczej.. Wielcy Kompozytorzy ;
_v10
500 _aTekst komentarza: Natalia Sukiennik.
500 _aWykonanie: Royal Philharmonic Orchestra ; Peter Guth, dyrygent.
500 _aNagranie: C.T.S. Sound Studio, Londyn, 1994.
505 _aWalc "Cesarski" op. 437 ; Walc "Nad pięknym modrym Dunajem" op. 314 ; Uwertura do operetki "Zemsta nietoperza" op. 362 ; Polka "Święto ognia!" op. 269 / Josef Strauss. Polka "Tritsch-Tratsch" op. 214. Polka "Pizzicato" / Johann Strauss (syn), Josef Strauss. Galop "Perpetuum mobile" op. 257. Polka "Z drogi!" op. 45 / Eduard Strauss. Marsz Radetzky'ego op. 228 / Johann Strauss (ojciec). Walc "Opowieści Lasku Wiedeńskiego" op. 325 ; Polka "Wśród grzmotów i błyskawic" op. 324 ; Walc "Róże Południa" op. 388.
600 _aStrauss, Johann
_d(1825-1899)
648 _a1801-1900
650 9 _aKompozytorzy austriaccy
655 7 _aDokumenty dźwiękowe
655 7 _aMuzyka instrumentalna
655 7 _aMuzyka na orkiestrę
655 7 _aMuzyka poważna
655 7 _aMarsz (utwór muzyczny)
655 7 _aGalop (utwór muzyczny)
655 7 _aOperetka (utwór muzyczny)
655 7 _aPolka (utwór muzyczny)
655 7 _aUwertura
655 7 _aWalc
700 1 _aGuth, Peter
_eDyrygent
_d(1943- )
700 1 _aSukiennik, Natalia
_eTekst
710 2 _aMediasat Poland
_eWydawca
710 2 _aRoyal Philharmonic Orchestra (Londyn)
_eWykonanie
830 0 _aBiblioteka Gazety Wyborczej.
_pWielcy Kompozytorzy
_v10
942 _cCD
_2UKD
999 _c34965
_d34965